000 005240000a22001930004500
001 001810
003 MACL
005 20150915144854.0
008 150915b xxu||||| |||| 00| 0 eng d
040 _aMACL
_cMACL
041 _aEnglish
082 _a823/MUK
100 _aMukherji, Joyasee
_911206
245 _aRabindranath Tagore
_bThe Skeleton And OtherTales Of The Supernatura
_cJoyasee Mukherji
260 _aKolkata
_c2005
_bPurple Peacock Books,
350 _a195
650 _aFiction
_911208
942 _k823
_cBK
_2ddc
999 _c13726
_d13726